[Event "Quebec op U2000"]
[Site "Montreal CAN"]
[Date "2001.07.25"]
[Round "6"]
[White "Metivier, Nicolas"]
[Black "Balogh, Alex"]
[Result "1/2-1/2"]
[WhiteElo "1941"]
[BlackElo "1840"]
[PlyCount "79"]
[GameId "2160767911563901"]
[EventDate "2001.07.21"]
[EventType "swiss"]
[EventRounds "9"]
[EventCountry "CAN"]
[SourceTitle "EXT 2022"]
[Source "ChessBase"]
[SourceDate "2021.10.06"]
[SourceVersion "1"]
[SourceVersionDate "2021.10.06"]
[SourceQuality "1"]

1. e4 g6 2. d4 Bg7 3. Nc3 c6 4. Nf3 d6 5. Be2 Nf6 6. O-O O-O 7. h3 Nbd7 8. e5 Ne8 9. Bf4 Qa5 10. exd6 Nxd6 11. Re1 Nf6 12. Bf1 Qd8 13. Qd2 Re8 14. Rad1 Nd5 15. Nxd5 cxd5 16. c3 Ne4 17. Qc1 b6 18. Ne5 Bb7 19. f3 Nd6 20. Bd3 e6 21. g3 Rc8 22. Kf2 Nc4 23. Bxc4 dxc4 24. Bh6 Bh8 25. Qf4 Qf6 26. Qe3 Qd8 27. Ng4 Bd5 28. Qf4 f6 29. h4 b5 30. Kg2 a5 31. a3 Rc7 32. Qd2 Qa8 33. Qf4 Qd8 34. Qe3 Rb7 35. Qd2 Qd6 36. Bf4 Qc6 37. Re3 Bg7 38. Nf2 Qb6 39. Ne4 Rd7 40. Nc5 1/2-1/2

[Event "Quebec op U2000"]
[Site "Montreal CAN"]
[Date "2001.07.25"]
[Round "6"]
[White "Miron, Francois"]
[Black "Dominique, Vladimir"]
[Result "1-0"]
[WhiteElo "1899"]
[BlackElo "1827"]
[PlyCount "61"]
[GameId "2160767911563902"]
[EventDate "2001.07.21"]
[EventType "swiss"]
[EventRounds "9"]
[EventCountry "CAN"]
[SourceTitle "EXT 2022"]
[Source "ChessBase"]
[SourceDate "2021.10.06"]
[SourceVersion "1"]
[SourceVersionDate "2021.10.06"]
[SourceQuality "1"]

1. e4 c5 2. Nc3 e6 3. f4 d5 4. Bb5+ Bd7 5. Bxd7+ Qxd7 6. Nf3 Nc6 7. d3 d4 8. Ne2 Nf6 9. h3 Be7 10. O-O Rd8 11. Ng3 O-O 12. Nh2 c4 13. a3 b5 14. Ng4 Kh8 15. Nxf6 Bxf6 16. Nh5 Be7 17. f5 exf5 18. exf5 Qd5 19. Qg4 Rg8 20. Bg5 Ne5 21. Qh4 f6 22. Bd2 cxd3 23. Nf4 Qc5 24. Bb4 Qxc2 25. Bxe7 Rd7 26. Ng6+ Nxg6 27. fxg6 h6 28. Bxf6 Qd2 29. Rf4 Qe3+ 30. Kh1 Rf8 31. Qxh6+ 1-0

[Event "Quebec op U2000"]
[Site "Montreal CAN"]
[Date "2001.07.25"]
[Round "6"]
[White "Nunez, Omar"]
[Black "Ramaswamy, Kishor"]
[Result "1-0"]
[WhiteElo "1995"]
[BlackElo "1847"]
[PlyCount "53"]
[GameId "2160767911563903"]
[EventDate "2001.07.21"]
[EventType "swiss"]
[EventRounds "9"]
[EventCountry "CAN"]
[SourceTitle "EXT 2022"]
[Source "ChessBase"]
[SourceDate "2021.10.06"]
[SourceVersion "1"]
[SourceVersionDate "2021.10.06"]
[SourceQuality "1"]

1. d4 f5 2. Nc3 d5 3. Nf3 Nf6 4. Bg5 e6 5. e3 c6 6. Bd3 Nbd7 7. O-O Bd6 8. Ne2 O-O 9. c4 h6 10. Bf4 Ne4 11. Bxe4 fxe4 12. Bxd6 exf3 13. gxf3 Rf7 14. c5 b6 15. b4 bxc5 16. bxc5 Ba6 17. f4 Qh4 18. Rc1 Nf6 19. Ng3 Ng4 20. Kg2 Qxh2+ 21. Kf3 Nxf2 22. Qc2 Ng4 23. Qg6 Nf6 24. Rh1 Qd2 25. Rcd1 Qxa2 26. Rxh6 e5 27. Bxe5 1-0

[Event "Quebec op U2000"]
[Site "Montreal CAN"]
[Date "2001.07.25"]
[Round "6"]
[White "Paquet, Rejean"]
[Black "Kayembe, Doris"]
[Result "1-0"]
[WhiteElo "1676"]
[BlackElo "1817"]
[PlyCount "88"]
[GameId "2160767911563904"]
[EventDate "2001.07.21"]
[EventType "swiss"]
[EventRounds "9"]
[EventCountry "CAN"]
[SourceTitle "EXT 2022"]
[Source "ChessBase"]
[SourceDate "2021.10.06"]
[SourceVersion "1"]
[SourceVersionDate "2021.10.06"]
[SourceQuality "1"]

1. e4 e6 2. d3 d5 3. Nd2 b6 4. g3 Bb7 5. Ngf3 Nd7 6. Qe2 Be7 7. Bg2 c5 8. O-O dxe4 9. dxe4 e5 10. a4 Ngf6 11. Re1 Qc7 12. b3 O-O 13. Bb2 Rfe8 14. Qc4 Bd6 15. Ng5 Nb8 16. Qc3 Nc6 17. Nc4 h6 18. Nf3 Nd4 19. Nxd4 cxd4 20. Qd2 Bc5 21. Kh1 Ba6 22. Bf1 Rad8 23. Bd3 Qe7 24. Qe2 Bb4 25. Red1 Bb7 26. f3 Qe6 27. Qf1 g5 28. g4 Nd7 29. Nd2 Nf8 30. Bc4 Qf6 31. Qh3 Kg7 32. Nf1 Ng6 33. Rd3 Nf4 34. Qg3 Nxd3 35. Bxd3 Rh8 36. h3 h5 37. Kg2 hxg4 38. hxg4 Rh4 39. Rd1 Rdh8 40. Bc1 Rh3 41. Nh2 Rxg3+ 42. Kxg3 Rxh2 43. Kxh2 Qxf3 44. Rg1 Bxe4 1-0

[Event "Quebec op U2000"]
[Site "Montreal CAN"]
[Date "2001.07.25"]
[Round "6"]
[White "Piche, Guy"]
[Black "Morissette, Jean-Sebastien"]
[Result "0-1"]
[WhiteElo "1658"]
[BlackElo "1854"]
[PlyCount "52"]
[GameId "2160767911563905"]
[EventDate "2001.07.21"]
[EventType "swiss"]
[EventRounds "9"]
[EventCountry "CAN"]
[SourceTitle "EXT 2022"]
[Source "ChessBase"]
[SourceDate "2021.10.06"]
[SourceVersion "1"]
[SourceVersionDate "2021.10.06"]
[SourceQuality "1"]

1. f4 d5 2. e3 g6 3. Nf3 Bg7 4. Nc3 c5 5. b3 d4 6. exd4 cxd4 7. Bb5+ Bd7 8. Bxd7+ Nxd7 9. Ne4 d3 10. Rb1 dxc2 11. Qxc2 Ngf6 12. O-O Rc8 13. Nc3 O-O 14. Bb2 Nd5 15. g3 e6 16. Rbc1 Nb4 17. Qb1 Qb6+ 18. Kg2 Nc5 19. d4 Ncd3 20. Na4 Qa6 21. Ba3 Rxc1 22. Rxc1 Nxc1 23. Bxb4 Qe2+ 24. Kh3 Qf1+ 25. Kh4 Qxf3 26. Kh3 Qf1+ 0-1

[Event "Quebec op U2000"]
[Site "Montreal CAN"]
[Date "2001.07.25"]
[Round "6"]
[White "Ramaswamy, Kiran"]
[Black "Sarra-Bournet, Marc"]
[Result "1-0"]
[WhiteElo "1880"]
[BlackElo "1859"]
[PlyCount "145"]
[GameId "2160767911563906"]
[EventDate "2001.07.21"]
[EventType "swiss"]
[EventRounds "9"]
[EventCountry "CAN"]
[SourceTitle "EXT 2022"]
[Source "ChessBase"]
[SourceDate "2021.10.06"]
[SourceVersion "1"]
[SourceVersionDate "2021.10.06"]
[SourceQuality "1"]

1. c4 e5 2. g3 g6 3. Bg2 Bg7 4. Nc3 Nc6 5. Nf3 Nge7 6. O-O O-O 7. Rb1 d6 8. d3 h6 9. Bd2 Be6 10. b4 Qd7 11. a4 Rae8 12. a5 Nc8 13. Qc1 Kh7 14. Qa3 f5 15. b5 Nd8 16. Na4 f4 17. b6 c6 18. bxa7 Nxa7 19. Nb6 Qc7 20. a6 bxa6 21. Qxa6 Nc8 22. Ba5 fxg3 23. hxg3 Nxb6 24. Bxb6 Qd7 25. Bxd8 Rxd8 26. Nd2 d5 27. Rb7 Qe8 28. cxd5 cxd5 29. Qa7 Rf7 30. Rfb1 Ra8 31. Rxf7 Bxf7 32. Qc7 Rc8 33. Qa7 Be6 34. Rb7 Qf8 35. Re7 Bg8 36. Rxe5 Kh8 37. Re7 Rc2 38. Nf3 Bf6 39. Nh4 Bxh4 40. gxh4 Rc1+ 41. Bf1 Qf6 42. Qe3 Bf7 43. Qxh6+ Kg8 44. Rxf7 Rxf1+ 45. Kxf1 Qxf7 46. Qg5 Kh7 47. Kg2 d4 48. Qe5 Qd7 49. Qe4 Kh6 50. e3 dxe3 51. fxe3 Qc8 52. d4 Qc1 53. Qf3 Qc2+ 54. Qf2 Qe4+ 55. Kh2 Kh7 56. h5 gxh5 57. Qf7+ Kh8 58. Qxh5+ Kg8 59. Qg5+ Kh7 60. Kg3 Qb1 61. Qh4+ Kg7 62. Qg4+ Kh8 63. Kf4 Qb8+ 64. Kf3 Qb7+ 65. e4 Qf7+ 66. Qf5 Qb3+ 67. Kf4 Qc3 68. Qh5+ Kg8 69. Qg6+ Kh8 70. Qe8+ Kh7 71. Qe7+ Kh8 72. Qh4+ Kg8 73. Qg3+ 1-0

[Event "Quebec op U2000"]
[Site "Montreal CAN"]
[Date "2001.07.25"]
[Round "6"]
[White "Robidas, Francois"]
[Black "Boudreau, Daniel"]
[Result "0-1"]
[WhiteElo "1880"]
[BlackElo "2049"]
[PlyCount "96"]
[GameId "2160767911563907"]
[EventDate "2001.07.21"]
[EventType "swiss"]
[EventRounds "9"]
[EventCountry "CAN"]
[SourceTitle "EXT 2022"]
[Source "ChessBase"]
[SourceDate "2021.10.06"]
[SourceVersion "1"]
[SourceVersionDate "2021.10.06"]
[SourceQuality "1"]

1. Nf3 b6 2. e4 Bb7 3. Nc3 c5 4. d4 cxd4 5. Nxd4 Nc6 6. Bc4 a6 7. a4 e6 8. O-O Qc7 9. Be3 Bc5 10. f4 Nge7 11. Kh1 d6 12. Qd2 Bb4 13. Nde2 Na5 14. Bd3 Nc4 15. Bxc4 Qxc4 16. Qd4 Qxd4 17. Bxd4 Bc5 18. Bxc5 bxc5 19. Rad1 O-O-O 20. Ng3 h5 21. Kg1 h4 22. Nh1 Nc6 23. Nf2 Nd4 24. Rd2 h3 25. Nxh3 f6 26. b4 cxb4 27. Rxd4 bxc3 28. Rc4+ Kd7 29. Nf2 Rc8 30. Rb4 Bc6 31. Rfb1 a5 32. Rc4 Rb8 33. Rd1 Rb2 34. Rxc3 Bxa4 35. Rcd3 Rb6 36. R1d2 Rc8 37. Ra3 Bxc2 38. h3 a4 39. e5 fxe5 40. fxe5 d5 41. Rg3 g6 42. Nd3 Rb3 43. Kf2 Rcc3 44. Ke2 Bxd3+ 45. Rgxd3 Rxd3 46. Rxd3 Rxd3 47. Kxd3 a3 48. Kc2 d4 0-1

[Event "Quebec op U2000"]
[Site "Montreal CAN"]
[Date "2001.07.25"]
[Round "6"]
[White "Saint James, Sonny"]
[Black "Katch, Gary"]
[Result "1-0"]
[WhiteElo "2013"]
[BlackElo "1567"]
[PlyCount "73"]
[GameId "2160767911563908"]
[EventDate "2001.07.21"]
[EventType "swiss"]
[EventRounds "9"]
[EventCountry "CAN"]
[SourceTitle "EXT 2022"]
[Source "ChessBase"]
[SourceDate "2021.10.06"]
[SourceVersion "1"]
[SourceVersionDate "2021.10.06"]
[SourceQuality "1"]

1. e4 e6 2. d4 d5 3. e5 c5 4. c3 Nc6 5. Nf3 Nge7 6. Bd3 Nf5 7. Bxf5 exf5 8. O-O Be6 9. a3 a5 10. Be3 Qb6 11. Qd2 Be7 12. dxc5 Bxc5 13. Bxc5 Qxc5 14. b4 Qb6 15. Qg5 O-O 16. Nbd2 Nxe5 17. Nxe5 f6 18. Qg3 fxe5 19. Qxe5 Rf6 20. Nb3 axb4 21. axb4 Re8 22. Nc5 Qc6 23. Rfd1 Bf7 24. Qf4 b6 25. Na6 h6 26. Qd2 Rfe6 27. h3 Bh5 28. f3 Bf7 29. Rac1 Re2 30. Qf4 Qa4 31. Nc7 R8e5 32. Rd3 R2e3 33. Nxd5 Bxd5 34. Rxd5 g5 35. Qc4 Kh7 36. Rxe5 Rxe5 37. Qc7+ 1-0

[Event "Quebec op U2000"]
[Site "Montreal CAN"]
[Date "2001.07.25"]
[Round "6"]
[White "Simard, Francois"]
[Black "Rouleau, Paul"]
[Result "0-1"]
[WhiteElo "1835"]
[BlackElo "1974"]
[PlyCount "64"]
[GameId "2160767911563909"]
[EventDate "2001.07.21"]
[EventType "swiss"]
[EventRounds "9"]
[EventCountry "CAN"]
[SourceTitle "EXT 2022"]
[Source "ChessBase"]
[SourceDate "2021.10.06"]
[SourceVersion "1"]
[SourceVersionDate "2021.10.06"]
[SourceQuality "1"]

1. d4 Nf6 2. c4 e6 3. Bg5 d5 4. Nc3 Be7 5. Nf3 Nbd7 6. e3 O-O 7. Bd3 c5 8. O-O dxc4 9. Bxc4 Nb6 10. Be2 cxd4 11. Nxd4 h6 12. Bh4 Nbd5 13. Nxd5 Qxd5 14. Bf3 Qa5 15. Qb3 e5 16. Bxb7 Rb8 17. Nc6 Qc7 18. Nxb8 Bxb7 19. Na6 Bxa6 20. Rfc1 Qd7 21. Rc3 Rc8 22. Rd1 Qe8 23. Rdc1 Rb8 24. Qc2 Nd5 25. Rb3 Rc8 26. Qd1 Rxc1 27. Qxc1 Bxh4 28. Ra3 Qb5 29. Rb3 Qe2 30. Rb8+ Kh7 31. g3 Bg5 32. Rc8 Bxe3 0-1

[Event "Quebec op U2000"]
[Site "Montreal CAN"]
[Date "2001.07.25"]
[Round "6"]
[White "Solar, Dariusz"]
[Black "Tremblay, Alain"]
[Result "1/2-1/2"]
[WhiteElo "1800"]
[BlackElo "1929"]
[PlyCount "88"]
[GameId "2160767911563910"]
[EventDate "2001.07.21"]
[EventType "swiss"]
[EventRounds "9"]
[EventCountry "CAN"]
[SourceTitle "EXT 2022"]
[Source "ChessBase"]
[SourceDate "2021.10.06"]
[SourceVersion "1"]
[SourceVersionDate "2021.10.06"]
[SourceQuality "1"]

1. e4 c5 2. Nc3 Nc6 3. Nf3 d6 4. Bb5 e5 5. O-O Nf6 6. d3 Be7 7. Nd5 O-O 8. Bxc6 bxc6 9. Nxe7+ Qxe7 10. h3 Ne8 11. Nd2 Nc7 12. f4 exf4 13. Rxf4 f5 14. Qf1 Ne6 15. Rxf5 Rxf5 16. exf5 Nd4 17. c3 Ne2+ 18. Kf2 Nxc1 19. Rxc1 Bxf5 20. Nf3 Rf8 21. Qe2 Qf7 22. a3 Re8 23. Qd2 Qd5 24. d4 c4 25. b4 Rf8 26. Qe3 Bg6 27. Re1 Bf5 28. Qg5 h6 29. Qe3 g5 30. g4 Bd7 31. Qe4 Qf7 32. Re3 Re8 33. Qc2 Rxe3 34. Kxe3 Qf4+ 35. Kf2 Kg7 36. Qd2 Qf6 37. Qe3 Be6 38. d5 Bxd5 39. Qxa7+ Kg6 40. Qe3 c5 41. bxc5 dxc5 42. Ke2 Bxf3+ 43. Qxf3 Qe5+ 44. Kf1 Qh2 1/2-1/2

[Event "Quebec op U2000"]
[Site "Montreal CAN"]
[Date "2001.07.25"]
[Round "6"]
[White "Trinh, Tri Bao"]
[Black "Thomas, Michel"]
[Result "1-0"]
[WhiteElo "1982"]
[BlackElo "1837"]
[PlyCount "47"]
[GameId "2160767911563911"]
[EventDate "2001.07.21"]
[EventType "swiss"]
[EventRounds "9"]
[EventCountry "CAN"]
[SourceTitle "EXT 2022"]
[Source "ChessBase"]
[SourceDate "2021.10.06"]
[SourceVersion "1"]
[SourceVersionDate "2021.10.06"]
[SourceQuality "1"]

1. e4 e6 2. d4 d5 3. e5 c5 4. c3 Nc6 5. Nf3 Bd7 6. Be2 cxd4 7. cxd4 Nge7 8. Nc3 a6 9. O-O Ng6 10. g3 Be7 11. h4 O-O 12. Bd3 f5 13. exf6 Bxf6 14. Ng5 Bxd4 15. Qh5 h6 16. Bxg6 Qb6 17. Bf7+ Rxf7 18. Qxf7+ Kh8 19. Qxd7 hxg5 20. Qxe6 Rf8 21. hxg5 Rxf2 22. Rxf2 Bxf2+ 23. Kg2 Bg1 24. Qe8+ 1-0

[Event "Quebec op U2000"]
[Site "Montreal CAN"]
[Date "2001.07.26"]
[Round "7"]
[White "Balogh, Alex"]
[Black "Perreault, Jacquelin"]
[Result "1-0"]
[WhiteElo "1840"]
[BlackElo "1920"]
[PlyCount "79"]
[GameId "2160767911563912"]
[EventDate "2001.07.21"]
[EventType "swiss"]
[EventRounds "9"]
[EventCountry "CAN"]
[SourceTitle "EXT 2022"]
[Source "ChessBase"]
[SourceDate "2021.10.06"]
[SourceVersion "1"]
[SourceVersionDate "2021.10.06"]
[SourceQuality "1"]

1. d4 Nf6 2. c4 c5 3. d5 b5 4. cxb5 a6 5. bxa6 Bxa6 6. g3 d6 7. Bg2 g6 8. b3 Bg7 9. Bb2 O-O 10. Nh3 Nbd7 11. O-O Qc7 12. Bc3 Rfb8 13. Re1 Nb6 14. e4 Nfd7 15. Bxg7 Kxg7 16. f4 c4 17. b4 Bb5 18. Nc3 Na4 19. Qd4+ Kg8 20. Nxb5 Rxb5 21. a3 Qb6 22. Qxb6 Rxb6 23. Bf1 c3 24. Rec1 Rb7 25. Nf2 Nf6 26. Kg2 Kf8 27. Kf3 Ke8 28. h3 Kd8 29. g4 Nd7 30. Nd1 h6 31. Ke3 Rc7 32. Rc2 g5 33. f5 f6 34. Kd4 Ne5 35. Be2 Rac8 36. Ne3 Nb2 37. Rac1 Nbc4 38. Nxc4 Nxc4 39. Bxc4 Rxc4+ 40. Kd3 1-0

[Event "Quebec op U2000"]
[Site "Montreal CAN"]
[Date "2001.07.26"]
[Round "7"]
[White "Boudreau, Daniel"]
[Black "Ramaswamy, Kiran"]
[Result "1-0"]
[WhiteElo "2049"]
[BlackElo "1880"]
[PlyCount "73"]
[GameId "2160767911563913"]
[EventDate "2001.07.21"]
[EventType "swiss"]
[EventRounds "9"]
[EventCountry "CAN"]
[SourceTitle "EXT 2022"]
[Source "ChessBase"]
[SourceDate "2021.10.06"]
[SourceVersion "1"]
[SourceVersionDate "2021.10.06"]
[SourceQuality "1"]

1. e4 d5 2. exd5 Nf6 3. d4 Nxd5 4. g3 e6 5. Bg2 c5 6. Nc3 cxd4 7. Nxd5 exd5 8. Qxd4 Be6 9. Ne2 Nc6 10. Qa4 Bc5 11. O-O O-O 12. Nf4 Rc8 13. c3 Re8 14. b4 Bb6 15. Bb2 Ne5 16. Rad1 Ng4 17. h3 Nxf2 18. Rxf2 Bxf2+ 19. Kxf2 g5 20. Nh5 Bd7 21. Qxd7 Qb6+ 22. Rd4 Qg6 23. Qxd5 Qxh5 24. Rg4 h6 25. Qf5 Re6 26. Bd5 Ree8 27. c4 Kf8 28. b5 Rcd8 29. Ba3+ Kg8 30. Bc1 Rxd5 31. cxd5 Qxh3 32. Rxg5+ hxg5 33. Qxh3 Re5 34. d6 f5 35. Bxg5 Rd5 36. Qh6 Rxb5 37. Qg6+ 1-0

[Event "Quebec op U2000"]
[Site "Montreal CAN"]
[Date "2001.07.26"]
[Round "7"]
[White "Dion, Jean-Francois"]
[Black "Piche, Guy"]
[Result "0-1"]
[WhiteElo "1798"]
[BlackElo "1658"]
[PlyCount "49"]
[GameId "2160767911563914"]
[EventDate "2001.07.21"]
[EventType "swiss"]
[EventRounds "9"]
[EventCountry "CAN"]
[SourceTitle "EXT 2022"]
[Source "ChessBase"]
[SourceDate "2021.10.06"]
[SourceVersion "1"]
[SourceVersionDate "2021.10.06"]
[SourceQuality "1"]

1. d4 f5 2. Nf3 b6 3. Bf4 Bb7 4. e3 e6 5. Nbd2 Nf6 6. h3 Nc6 7. c3 Ne7 8. Bd3 Ng6 9. Bh2 Bd6 10. Bxd6 cxd6 11. O-O O-O 12. a4 Ne4 13. Qc2 Nxd2 14. Nxd2 Nh4 15. g3 Rf6 16. e4 Rh6 17. Kh2 Qg5 18. Rg1 Qxd2 19. gxh4 Qf4+ 20. Rg3 fxe4 21. Bc4 Rf8 22. Rf1 Rff6 23. Be2 Rxh4 24. Bg4 Rg6 25. Qe2 0-1

[Event "Quebec op U2000"]
[Site "Montreal CAN"]
[Date "2001.07.26"]
[Round "7"]
[White "Gilbert, Erick"]
[Black "Trinh, Tri Bao"]
[Result "1/2-1/2"]
[WhiteElo "1851"]
[BlackElo "1982"]
[PlyCount "48"]
[GameId "2160767911563915"]
[EventDate "2001.07.21"]
[EventType "swiss"]
[EventRounds "9"]
[EventCountry "CAN"]
[SourceTitle "EXT 2022"]
[Source "ChessBase"]
[SourceDate "2021.10.06"]
[SourceVersion "1"]
[SourceVersionDate "2021.10.06"]
[SourceQuality "1"]

1. Nf3 d5 2. g3 Bg4 3. Bg2 Nf6 4. O-O Nbd7 5. d3 e5 6. Nbd2 Bd6 7. e4 dxe4 8. dxe4 O-O 9. Qe1 Nc5 10. b4 Ne6 11. Nc4 Bxf3 12. Bxf3 Nd4 13. Bd1 Qe7 14. c3 Nc6 15. Bg5 h6 16. Bxf6 Qxf6 17. Nxd6 Qxd6 18. Bb3 Rad8 19. Rd1 Qf6 20. Qe2 Rxd1 21. Rxd1 Rd8 22. Rxd8+ Qxd8 23. Qc4 Qe7 24. Qe2 Qd6 1/2-1/2

[Event "Quebec op U2000"]
[Site "Montreal CAN"]
[Date "2001.07.26"]
[Round "7"]
[White "Kayembe, Doris"]
[Black "Vezeau, Patrice"]
[Result "1-0"]
[WhiteElo "1817"]
[BlackElo "1831"]
[PlyCount "81"]
[GameId "2160767911563916"]
[EventDate "2001.07.21"]
[EventType "swiss"]
[EventRounds "9"]
[EventCountry "CAN"]
[SourceTitle "EXT 2022"]
[Source "ChessBase"]
[SourceDate "2021.10.06"]
[SourceVersion "1"]
[SourceVersionDate "2021.10.06"]
[SourceQuality "1"]

1. e4 c5 2. Nf3 Nc6 3. d4 cxd4 4. Nxd4 g6 5. c4 Bg7 6. Be3 d6 7. Nc3 Nf6 8. Be2 Bd7 9. O-O O-O 10. Rc1 a6 11. Kh1 Nxd4 12. Bxd4 b5 13. cxb5 axb5 14. Nxb5 Rxa2 15. f3 Ra5 16. Nc7 Qb8 17. b4 Ra3 18. b5 Rc8 19. b6 Ne8 20. Ba6 Rd8 21. Bc4 Ra4 22. Bxg7 Nxg7 23. Qb3 Rf8 24. Ra1 Rxa1 25. Rxa1 Bc6 26. Bd5 Qb7 27. Ra7 Bxd5 28. Nxd5 Qb8 29. Nxe7+ Kh8 30. Nc6 Qc8 31. Qd5 Ne6 32. b7 Qc7 33. h3 Qb6 34. b8=Q Rxb8 35. Rxf7 Ra8 36. Qxe6 Ra1+ 37. Kh2 Qg1+ 38. Kg3 Qe1+ 39. Kg4 h5+ 40. Kg5 Qg3+ 41. Kh6 1-0

[Event "Quebec op U2000"]
[Site "Montreal CAN"]
[Date "2001.07.26"]
[Round "7"]
[White "Morinvil, Geffrard"]
[Black "Saint James, Sonny"]
[Result "0-1"]
[WhiteElo "1733"]
[BlackElo "2013"]
[PlyCount "60"]
[GameId "2160767911563919"]
[EventDate "2001.07.21"]
[EventType "swiss"]
[EventRounds "9"]
[EventCountry "CAN"]
[SourceTitle "EXT 2022"]
[Source "ChessBase"]
[SourceDate "2021.10.06"]
[SourceVersion "1"]
[SourceVersionDate "2021.10.06"]
[SourceQuality "1"]

1. Nf3 Nf6 2. b3 c5 3. c4 Nc6 4. Bb2 d6 5. g3 Bf5 6. Bg2 Qd7 7. O-O e5 8. d3 Be7 9. Nc3 h5 10. h4 O-O-O 11. Qd2 Rdg8 12. Ng5 Bd8 13. Nd5 Ne8 14. Bc3 f6 15. Nf3 g5 16. Kh2 Bg4 17. Ne3 f5 18. Nxg5 Bxg5 19. hxg5 h4 20. f3 hxg3+ 21. Kg1 Bh3 22. f4 Qh7 23. Nxf5 Bxf5 24. Rf3 Qh2+ 25. Kf1 Bh3 26. e4 Qh1+ 27. Ke2 Qxg2+ 28. Ke3 Qxd2+ 29. Bxd2 Nd4 30. Rxg3 Nc2+ 0-1

[Event "Quebec op U2000"]
[Site "Montreal CAN"]
[Date "2001.07.26"]
[Round "7"]
[White "Morissette, Jean-Sebastien"]
[Black "Chichkina, Olya"]
[Result "0-1"]
[WhiteElo "1854"]
[BlackElo "1901"]
[PlyCount "52"]
[GameId "2160767911563920"]
[EventDate "2001.07.21"]
[EventType "swiss"]
[EventRounds "9"]
[EventCountry "CAN"]
[SourceTitle "EXT 2022"]
[Source "ChessBase"]
[SourceDate "2021.10.06"]
[SourceVersion "1"]
[SourceVersionDate "2021.10.06"]
[SourceQuality "1"]

1. d4 d5 2. Bg5 Nf6 3. Bxf6 gxf6 4. e3 Bf5 5. Ne2 e6 6. Ng3 Bg6 7. Nd2 c5 8. c3 Qb6 9. Qb3 Nd7 10. a4 cxd4 11. Qxb6 Nxb6 12. exd4 Rc8 13. a5 Nd7 14. a6 Rc7 15. axb7 Rxb7 16. b4 Bh6 17. Nb3 O-O 18. h4 Bc2 19. Nc5 Nxc5 20. dxc5 d4 21. Nh5 dxc3 22. f4 Rxb4 23. Rh3 Bg6 24. Nxf6+ Kg7 25. Nd7 c2 26. Rc1 Rb1 0-1

[Event "Quebec op U2000"]
[Site "Montreal CAN"]
[Date "2001.07.26"]
[Round "7"]
[White "Nunez, Omar"]
[Black "Villeneuve, Benoit"]
[Result "1-0"]
[WhiteElo "1995"]
[BlackElo "1762"]
[PlyCount "51"]
[GameId "2160767911563921"]
[EventDate "2001.07.21"]
[EventType "swiss"]
[EventRounds "9"]
[EventCountry "CAN"]
[SourceTitle "EXT 2022"]
[Source "ChessBase"]
[SourceDate "2021.10.06"]
[SourceVersion "1"]
[SourceVersionDate "2021.10.06"]
[SourceQuality "1"]

1. d4 e6 2. Nf3 c5 3. e4 d5 4. exd5 exd5 5. Bb5+ Nc6 6. O-O Be6 7. Re1 Qb6 8. Nc3 O-O-O 9. Bxc6 Qxc6 10. Be3 c4 11. Ng5 Nf6 12. a3 Bd6 13. Qd2 h6 14. Nxe6 fxe6 15. Bf4 Bxf4 16. Qxf4 Rhf8 17. Qe5 Rde8 18. h3 Rf7 19. Re2 Nd7 20. Qh5 Ref8 21. Rae1 Rf6 22. Qg4 Qb6 23. Rxe6 Qxb2 24. Nxd5 Rxe6 25. Qxe6 Rd8 26. Qd6 1-0

[Event "Quebec op U2000"]
[Site "Montreal CAN"]
[Date "2001.07.26"]
[Round "7"]
[White "Sarra-Bournet, Marc"]
[Black "Ramaswamy, Kishor"]
[Result "0-1"]
[WhiteElo "1859"]
[BlackElo "1847"]
[PlyCount "108"]
[GameId "2160767911563922"]
[EventDate "2001.07.21"]
[EventType "swiss"]
[EventRounds "9"]
[EventCountry "CAN"]
[SourceTitle "EXT 2022"]
[Source "ChessBase"]
[SourceDate "2021.10.06"]
[SourceVersion "1"]
[SourceVersionDate "2021.10.06"]
[SourceQuality "1"]

1. e4 c6 2. d4 d5 3. Nc3 dxe4 4. Nxe4 Bf5 5. Ng3 Bg6 6. h4 h6 7. h5 Bh7 8. Nf3 Nd7 9. Bd3 Bxd3 10. Qxd3 Ngf6 11. Bf4 Qa5+ 12. Kf1 e6 13. a3 O-O-O 14. Rh4 Be7 15. Bd2 Qc7 16. c4 c5 17. d5 Nb6 18. Bf4 Bd6 19. Bxd6 Qxd6 20. Re1 Rhe8 21. Ne4 Nxe4 22. Rhxe4 Rf8 23. Rc1 exd5 24. cxd5 Qxd5 25. Rd4 Qxh5 26. Rd6 c4 27. Qd4 Rxd6 28. Qxd6 Rd8 29. Qf4 Qg6 30. Ne5 Qh5 31. f3 g5 32. Qf5+ Kb8 33. Kg1 Qh4 34. Ng4 h5 35. Qe5+ Ka8 36. Nf2 a6 37. Ne4 Qf4 38. Qxg5 Qxg5 39. Nxg5 Rd2 40. Rb1 Na4 41. b4 c3 42. Rc1 c2 43. Kh2 Nc3 44. Ne4 Na2 45. Nxd2 Nxc1 46. Kh3 Nd3 47. Nb3 c1=Q 48. Nxc1 Nxc1 49. Kh4 Ne2 50. Kg5 Ka7 51. Kf6 Nf4 52. Kg5 Nxg2 53. Kxh5 Kb6 54. Kg5 Kb5 0-1

[Event "Quebec op U2000"]
[Site "Montreal CAN"]
[Date "2001.07.26"]
[Round "7"]
[White "Solar, Dariusz"]
[Black "Gauthier, Denis"]
[Result "1-0"]
[WhiteElo "1800"]
[BlackElo "1984"]
[PlyCount "91"]
[GameId "2160767911563923"]
[EventDate "2001.07.21"]
[EventType "swiss"]
[EventRounds "9"]
[EventCountry "CAN"]
[SourceTitle "EXT 2022"]
[Source "ChessBase"]
[SourceDate "2021.10.06"]
[SourceVersion "1"]
[SourceVersionDate "2021.10.06"]
[SourceQuality "1"]

1. e4 Nf6 2. Nc3 d5 3. e5 Ne4 4. d4 Nxc3 5. bxc3 e6 6. Bd3 c5 7. Nf3 Nc6 8. O-O Be7 9. a4 O-O 10. Be3 c4 11. Be2 Bd7 12. Qd2 f6 13. exf6 Bxf6 14. Bf4 Qa5 15. Qe3 Rae8 16. Rfb1 b6 17. Bd6 Rf7 18. Bb4 Qa6 19. Ng5 Bxg5 20. Qxg5 e5 21. dxe5 Rxe5 22. Qd2 Nxb4 23. cxb4 Rfe7 24. Bf3 Qb7 25. Re1 Rxe1+ 26. Rxe1 Rxe1+ 27. Qxe1 Bxa4 28. Qe6+ Qf7 29. Qc8+ Qe8 30. Qxe8+ Bxe8 31. Bxd5+ Bf7 32. Bc6 a5 33. bxa5 bxa5 34. c3 Kf8 35. f4 Ke7 36. Kf2 Kd6 37. Ba4 Bd5 38. Ke3 Bc6 39. Bc2 a4 40. Kd4 Bb5 41. Bxh7 a3 42. Bb1 Kc6 43. g4 Kb6 44. h4 Ka5 45. h5 Ka4 46. Ba2 1-0